| Tag |
First Indicator |
Second Indicator |
Subfields |
| LEADER |
00000cam a2200000 a 4500 |
| 001 |
in00001069713 |
| 005 |
20150929101547.0 |
| 008 |
910911s1991 enk tb f000 0 eng d |
| 035 |
|
|
|a (OCoLC)24360212
|
| 035 |
|
|
|9 AFP2017AM
|
| 040 |
|
|
|a CBT
|c CBT
|d TXA
|d UtOrBLW
|
| 049 |
|
|
|a TXAM
|
| 090 |
|
|
|a TA1057.A1
|b T75 no. 263
|
| 100 |
1 |
|
|a Jones, Colin J. F. P.
|q (Colin John Francis Phillip)
|
| 245 |
1 |
0 |
|a Review of reinforced soil applications in developed countries /
|c by C.J.F.P. Jones.
|
| 264 |
|
1 |
|a Crowthorne, Berkshire :
|b Transport and Road Research Laboratory,
|c [1991]
|
| 300 |
|
|
|a 85 pages :
|b illustrations ;
|c 30 cm.
|
| 336 |
|
|
|a text
|b txt
|2 rdacontent
|
| 337 |
|
|
|a unmediated
|b n
|2 rdamedia
|
| 338 |
|
|
|a volume
|b nc
|2 rdacarrier
|
| 490 |
1 |
|
|a Contractor report,
|x 0266-7045 ;
|v 263
|
| 504 |
|
|
|a Includes bibliographical references (pages 57-60).
|
| 650 |
|
0 |
|a Soil stabilization.
|
| 650 |
|
0 |
|a Soil mechanics.
|
| 650 |
|
0 |
|a Geotextiles
|x Evaluation.
|
| 710 |
2 |
|
|a Transport and Road Research Laboratory.
|
| 830 |
|
0 |
|a Contractor report (Transport and Road Research Laboratory) ;
|v 263.
|
| 999 |
|
|
|a MARS
|
| 999 |
f |
f |
|s aa85c7ba-1fb1-37f3-8a1f-bddceb34d699
|i b42d9577-3e44-3dcd-b227-df5b432e42b7
|t 0
|
| 952 |
f |
f |
|p ric
|a Texas A&M University
|b Rellis Campus
|c Joint Library Facility
|d Remote Storage
|t 0
|e TA1057.A1 T75 no.263
|h Library of Congress classification
|i unmediated -- volume
|m A14815746985
|
| 998 |
f |
f |
|a TA1057.A1 T75 no.263
|t 0
|l Remote Storage
|